| 000 | 00516nam a22001457a 4500 | ||
|---|---|---|---|
| 999 |
_c536098 _d536098 |
||
| 082 | _a615 | ||
| 100 | _aQaisrani, Mehwish Nawaz | ||
| 245 |
_aEffect of Selective and Non Selective Cyclooxygenase Inhibitors on Aspirin Induces Anti Thrombotic Effects / _cMehwish Nawaz Qaisrani |
||
| 260 |
_aIslamabad ; _bAMC - NUST, _c2013. |
||
| 300 |
_a120 p. ; _c30cm. |
||
| 942 |
_2ddc _cTHE |
||
| 650 |
_aPhilosophy-MS-THESIS _931028 |
||
| 700 |
_aDr. Akbar Waheed _919298 |
||